00405nam a2200157Ia 4500008004100000020001500041082001500056100001700071245004600088250000800134260002900142300001100171500002600182650001500208700002400223230524s9999 xx 000 0 und d a8178087987 a621.3bHUG aHughs Edward 0aHughes Electrical & Electronic Technology a8TH aNEW DELHIbPearsonc2003 aXV;896 aQuantity Number: 105 aElectrical a Ianmc Kenzie Smith